| 000 | 01029nas a2200349 4500 | ||
|---|---|---|---|
| 001 | BR2014005467 | ||
| 003 | BR-BrBNA | ||
| 005 | 20231205124438.0 | ||
| 007 | ta | ||
| 008 | 230509b bl.|||p| |||| 00| 00por d | ||
| 040 |
_aBR-BrBNA _bpor _cBiblioteca Nacional de Agricultura |
||
| 041 | _a(En) | ||
| 072 | _aL53 | ||
| 100 | 1 | _aAmorim, L. da S. | |
| 100 | 1 | _aTorres, C.A.A. | |
| 100 | 1 | _aSiqueira, L.G.B. | |
| 100 | 1 | _aFonseca, J.F. da | |
| 100 | 1 | _aGuimarães, J.D. | |
| 100 | 1 | _aCarvalho, G.R. de | |
| 100 | 1 | _aAlves, N.G. | |
| 100 | 1 | _aOliveira, M.M.N.F. de | |
| 245 | 1 | _aEmbryo development and follicular status of Toggenbur does fed urea diet | |
| 650 | _aCABRA | ||
| 650 | _aDIETA | ||
| 650 | _aOVULAÇÃO | ||
| 650 | _aUREIA | ||
| 650 | _aEMBRIÃO | ||
| 773 | 0 |
_tRevista Brasileira de Zootecnia (Brasil) _xISSN 1806-9290 _g(Feb 2011), v. 40(2) p. 277-285 _wBR2014005467 |
|
| 856 | 4 | 0 | _uhttp://www.scielo.br/pdf/rbz/v40n2/07.pdf |
| 909 |
_a202311 _bLúcia _c55 _dLúcia Elande |
||
| 942 |
_2AGRIS _n0 _cANA |
||
| 999 |
_c239125 _d239125 |
||